Practical orthopedics (Record no. 32438)

MARC details
000 -LEADER
fixed length control field 00614nam a2200169 a 4500
008 - FIXED-LENGTH DATA ELEMENTS--GENERAL INFORMATION
fixed length control field 160302s2011 ||||||||||||||||| || u
020 ## - INTERNATIONAL STANDARD BOOK NUMBER
International Standard Book Number 9789380704852
050 ## - LIBRARY OF CONGRESS CALL NUMBER
Classification number RD 731 Kak
100 ## - MAIN ENTRY--PERSONAL NAME
Personal name Kakkad, Subhash
245 10 - TITLE STATEMENT
Title Practical orthopedics
Statement of responsibility, etc. By Subhash Kakkad
250 ## - EDITION STATEMENT
Edition statement 2nd ed.
260 ## - PUBLICATION, DISTRIBUTION, ETC.
Place of publication, distribution, etc. New Delhi:
Name of publisher, distributor, etc. Jaypee Brothers Medical publishers
Date of publication, distribution, etc. 2011
300 ## - PHYSICAL DESCRIPTION
Extent xii, 365p.: ill.
350 ## -
-- 42.00
650 #0 - SUBJECT ADDED ENTRY--TOPICAL TERM
Topical term or geographic name entry element ORTHOPEDICS
995 ## -
-- MEDICAL LIBRARY OPEN ACCESS
-- 903488
-- CBU-SCHOOL OF MEDICINE LIBRARY (Ndola)
-- 42.00
-- RD 731 Kak
-- AVAILABLE
-- Mar 14, 2016
-- 903488
-- Medical Library Open Access Collection
999 ## -
-- 32438
-- 32438
Holdings
Withdrawn status Lost status Source of classification or shelving scheme Damaged status Not for loan Permanent Location Current Location Shelving location Date acquired Total Checkouts Full call number Barcode Date last seen Date last checked out Price effective from Koha item type
          CBU-SCHOOL OF MEDICINE LIBRARY, NDOLA. CBU-SCHOOL OF MEDICINE LIBRARY, NDOLA.   11/30/2022 1 RD 731 Kak 903488 09/23/2024 09/09/2024 11/30/2022 MONOGRAPH